000 00287nam a22001217a 4500
008 171218b xxu||||| |||| 00| 0 eng d
041 _aeng
080 _a82
100 _a21
101 _aGJL
245 _aGENDER SHOCK EXPLODING THE MYTHS OF MALE AND FEMALE
_cBURKE,P
942 _2udc
_cBK
999 _c39113
_d39113